Geography Bunker IV Quiz Stats

 Plays Quiz Updated Jan 30, 2014

Support Sporcle.
Go Orange.
Score 0/15 Timer 07:00
13 Plays Today
Question Answer % Correct
????
100%
????
96.4%
????
90.6%
????
88.7%
????
84.9%
????
72.9%
????
67.8%
????
51.4%
Question Answer % Correct
????
45.8%
????
43.2%
????
34.7%
????
21.2%
????
14.4%
????
6.3%
????
4.1%

From the Vault

Super Bowl Gap Years

by Hejman

Sports 5m
Some teams clearly have taken longer breaks than others.
Remove Ads.
Support Sporcle.
Get the best of Sporcle when you Go Orange. This ad-free experience offers more features, more stats, and more fun while also helping to support Sporcle. Thank you for becoming a member.

Show Comments

Extras

Top Quizzes Today


Score Distribution

Your Account Isn't Verified!

In order to create a playlist on Sporcle, you need to verify the email address you used during registration. Go to your Sporcle Settings to finish the process.

Report this User

Report this user for behavior that violates our Community Guidelines.

Details: